Male fertility in the Czech Republic - first empirical evidence

Uložené v:
Podrobná bibliografia
Hlavný autor: Chromková Manea, Beatrice
Ďalší autori: Rabušic, Ladislav
Médium: Kapitola
Jazyk:English
Predmet:
Tagy: Pridať tag
Žiadne tagy, Buďte prvý, kto otaguje tento záznam!

MARC

LEADER 00000naa a2200000 4500
001 0182943
005 20220715114454.4
041 0 |a eng 
044 |a CZ 
245 1 0 |a Male fertility in the Czech Republic - first empirical evidence  |c Beatrice Chromková Manea, Ladislav Rabušic 
610 2 0 |a demografia 
610 2 0 |a populácia 
610 2 0 |a pôrodnosť 
610 2 0 |a ženy 
610 2 0 |a deti 
610 2 0 |a vek 
610 2 0 |a Česko 
100 1 |a Chromková Manea, Beatrice 
700 1 |a Rabušic, Ladislav